Trendy v online marketingu bakalárska práca

Na minha lista:
Detalhes bibliográficos
Autor principal: Frešo, Slavomír, 1978-
Autor Corporativo: Obchodná fakulta EU. Katedra marketingu
Outros Autores: Stanková, Monika, 1993-
Formato: Livro
Idioma:eslovaco
Publicado em: Bratislava 2020
Tags: Adicionar Tag
Sem tags, seja o primeiro a adicionar uma tag!

MARC

LEADER 00000nbm a2200000 4500
001 0266572
005 20201006100917.5
041 0 |a slo 
044 |a SK 
245 1 0 |a Trendy v online marketingu  |b bakalárska práca  |c Slavomír Frešo ; školiteľ: Monika Stanková 
264 1 |a Bratislava  |c 2020 
300 |a 47 s. 
100 1 |a Frešo, Slavomír, 1978- 
700 1 |a Stanková, Monika, 1993- 
710 2 |a Obchodná fakulta EU. Katedra marketingu